Riconosci il Pokémon - Quiz n°377 - Statistics

Statistiche generali
  • Questo quiz è stato fatto 0 volte
  • Il punteggio medio è 0 su 10
Statistiche sulle risposte
Indizio Risposta % Corretto
Altezza 1,0 m; 0,8 m (Galar)
0%
Tasso di cattura 190 (35.2%)
0%
Peso 30,0 kg; 24,0 kg (Galar)
0%
Sesso 50% ♂, 50% ♀
0%
Stadio evoluzione Forma Base
0%
Abilità Fuocardore; Corpodifuoco; Fugafacile (Normale; Galar); Pastelvelo (Galar); Presagio (Galar)
0%
Tipo Fuoco; Pisco (Galar)
0%
Tasso di allevamento Medio-Veloce
0%
Pokémon Ponyta
0%
Generazione Prima
0%
Nessun quiz corrispondente trovato
Distribuzione punteggi
Percentuale di utenti per punteggio
Percentile per numero di risposta
I tuoi punteggi nel tempo
Non hai fatto questo quiz